000 00898nam a2200193 a 4500
008 130326s2012 ||||||||||||||||| || u
020 _a9780538498845
050 _aQA 303 Ste
100 _aStewart, James
245 1 0 _aCalculus. (7th ed.)
_cby James Stewart
250 _a7th ed.
260 _aAustralia
_bBrookes/Cole
_c2012
300 _axxviii, various pagings.:ill.
650 0 _aCALCULUS
650 _aCALCULUS--TEXTBOOKS
995 _aMAIN LIBRARY OPEN ACCESS
_e743425
_FCBU-MAIN LIBRARY (Kitwe)
_jQA 303 Ste
_M1
_UAVAILABLE
_WApr 22, 2013
_y743425
_ZMain Library Open Access Collection
995 _aMAIN LIBRARY OPEN ACCESS
_e743427
_FCBU-MAIN LIBRARY (Kitwe)
_jQA 303 Ste
_M3
_UAVAILABLE
_WApr 22, 2013
_y743427
_ZMain Library Open Access Collection
995 _aBINDERY (DAMAGED)
_e743426
_FCBU-MAIN LIBRARY (Kitwe)
_jQA 303 Ste
_M2
_UDAMAGED
_WApr 22, 2013
_y743426
_ZMain Library Open Access Collection
999 _c77990
_d77990